|
|
|
|
| LEADER |
00000nab a2200000 a 4500 |
| 001 |
vtls000545243 |
| 003 |
SK-MaSNL |
| 005 |
20260303012331.0 |
| 008 |
160204c1994 xo 0 slo |
| 015 |
|
|
|a SNBRA19rr/mm-uuuuu
|
| 035 |
|
|
|a CL0545381
|
| 040 |
|
|
|a SNKBUCL
|b slo
|c SNKBUCL
|e AACR2
|
| 041 |
0 |
|
|a slo
|
| 044 |
|
|
|a xo
|c SK
|
| 080 |
|
|
|a 624.014.2:624.04:539.4:006(4:437.6)
|2 1981
|
| 080 |
|
|
|a 624.04
|2 1981
|
| 080 |
|
|
|a 539.4
|2 1981
|
| 080 |
|
|
|a 006(4:437.6)
|2 1981
|
| 100 |
1 |
|
|a Mrázik, Augustín,
|d 1958-
|4 aut
|9 114616
|
| 245 |
1 |
0 |
|a Výpočtové hodnoty pevnosti materiálu oceľových konštrukcií z hľadiska európskej unifikácie navrhovania
|c Augustín Mrázik, Zoltán Sadovský
|
| 300 |
|
|
|b Tab. 1, res. angl., lit. 8 zázn. v angl., slov.
|
| 650 |
0 |
7 |
|a konštrukcie oceľové
|2 snkbucl
|9 489019
|
| 650 |
0 |
7 |
|a pevnosť
|2 snkbucl
|9 1636
|
| 650 |
0 |
7 |
|a normy technické
|2 snkbucl
|9 919669
|
| 655 |
|
7 |
|a články zo zborníkov
|2 snkbucl
|9 166140
|
| 700 |
1 |
|
|a Sadovský, Zoltán,
|d 1942-
|4 aut
|9 39864
|
| 773 |
0 |
|
|t Steel structures and bridges - 94. Vol. 1
|d Bratislava : Slovenská technická univerzita, 1994
|g S. 387-392
|z 8022706914
|
| 850 |
|
|
|a Slovenská národná knižnica v Martine
|a MTA001
|
| 852 |
|
|
|a SNK
|b KIS3GCP
|
| 958 |
|
|
|a NB
|
| 958 |
|
|
|a RK
|
| 992 |
|
|
|a RZB
|
| 999 |
|
|
|c 1596600
|d 1598530
|